000 00716nam a2200241Ia 4500
003 OSt
005 20220925233628.0
006 a|||||r|||| 00| 0
007 ta
008 220923b |||||||| |||| 00| 0 eng d
020 _a9788180522987
_c760.75
037 _bABPL/AD/14-15/67, 19/02/2015, Ane Books Pvt Ltd
_cGeneral Book
040 _aRTL
_cRTL
_beng
041 _2eng
_aeng
082 _aX:51, P9
100 _aGILLILAND Debbie
_9299113
245 0 _aMarketing
260 _a New Delhi
_bAne Books
_c2009
300 _a406p.
_ccm.
650 _aCommerce
942 _hX:51, P9
_cGB
_2CC
999 _c594136
_d594136